| 000 | 00780nam a2200205Ii 4500 | ||
|---|---|---|---|
| 003 | JO-AjNU | ||
| 008 | 230605s9999||||xx |||||||||||||| ||und|| | ||
| 040 |
_aJO-AjNU _bara _erda _cJO-AjNU |
||
| 041 | _aara | ||
| 050 | 1 | 4 | _aLB2369.T36 2018 |
| 100 | 3 |
_aالتميمي، محمود كاظم محمود , _eauthor _958127 |
|
| 245 | 0 | 0 | _aمنهجية كتابة البحوث والرسائل في العلوم التربوية والنفسية |
| 250 | _aط1 | ||
| 264 | 3 | 1 | _aعمان: دار صفاء للنشر والتوزيع، 2018 |
| 300 | _a142ص | ||
| 336 |
_atext _btxt _2rdacontent |
||
| 337 |
_aunmediated _bn _2rdamedia |
||
| 338 |
_avolume _bnc _2rdacarrier |
||
| 650 | 4 |
_aمناهج البحوث- العلوم التربويه- العلوم النفسية _958128 |
|
| 999 |
_aA26087 _c29655 _d29655 |
||